header

Horace (Record no. 25097)

MARC details
000 -LEADER
fixed length control field 01414nam a2200349Ia 4500
082 04 - DEWEY DECIMAL CLASSIFICATION NUMBER
Classification number 874/.01
100 1# - MAIN ENTRY--AUTHOR NAME
Personal name McNeill, Randall L. B.,
245 10 - TITLE STATEMENT
Title Horace
260 ## - PUBLICATION, DISTRIBUTION, ETC. (IMPRINT)
Place of publication Baltimore :
Name of publisher Johns Hopkins University Press,
Year of publication 2001.
300 ## - PHYSICAL DESCRIPTION
Number of Pages 188 p.
650 #0 - SUBJECT ADDED ENTRY--TOPICAL TERM
Topical Term Laudatory poetry, Latin
Topical Term Epistolary poetry, Latin
Topical Term Verse satire, Latin
856 40 - ELECTRONIC LOCATION AND ACCESS
Uniform Resource Identifier http://site.ebrary.com/lib/rucke/Doc?id=10021553

No items available.

© 2026 Rongo University
Contact us: librarian | system librarian | Rongo university